| 000 | 00609nam a2200217 i 4500 | ||
|---|---|---|---|
| 001 | 92022 | ||
| 003 | ES-MaACL | ||
| 005 | 20250813062716.0 | ||
| 007 | t| | ||
| 008 | 050317s1978 sp ||||1| spa d | ||
| 020 | _a84-206-3032-2 | ||
| 080 | _a821.133.1-31"17" | ||
| 100 | 1 |
_aDiderot, Denis, _d1713-1784 _944511 |
|
| 245 | 1 | 0 |
_aSantiago el fatalista y su amo / _cDenis Diderot. |
| 260 |
_aMadrid : _bAlianza Editorial, _c[1978] |
||
| 300 |
_a276 p. ; _c20 cm. |
||
| 490 | 1 |
_aAlianza tres ; _v32 |
|
| 830 | 0 | 0 |
_aAlianza tres _v32 _9177344 |
| 852 |
_aES-MaACL _jE-10852 _bR.135677 |
||
| 999 |
_c92022 _d92022 |
||